00549nam a2200169 a 450000100100000000500170001000800410002704000130006808200150008110000420009624500600013826000380019830000260023650000320026250400520029470000330034600000812120200929154438.0090915s1990 dr a 001 0 spa d aDO-SdBNP axxxcG643b1 aGonzález Mercado, Telésforad195513aEl bosque agonizante /cTelésforo González Mercado. aSanto Domingo, :bCenapec,c1990. a82 p. :bil ;c22 cm. aIncluye datos biográficos aIncluye referencias bibliográficas [p. 79-80]1 aDelgado, María L.epról.